00419nam a2200133Ia 450000500170000000800410001702000150005808200130007310000230008624500270010926000400013630000130017650000960018920250616014202.0240331s9999 xx 000 0 und d a955202580X bWIJa305 aWijayasriwardena,V 0aSinhala kala paththara aColombobS. Godage & Brothersc1997 a238 p ., aAn Experimental study on the anonymous defamatory publication genre of the jungle Newspaper